000 00247cam a2200097ua 4500
999 _c5213
_d5213
003 OSt
008 200623b ||||| |||| 00| 0 eng d
100 _aC.C Ouseph
_94620
245 _aText book of practical physics for the pre-degree course
942 _cBK